Statistics for NFL Players with 100 Sacks

Click here to take the quiz!

General Stats

  • This quiz has been taken 27 times
  • The average score is 13 of 39

Answer Stats

SacksPlayer% Correct
139.5Jason Taylor
82%
102J.J. Watt
82%
132.5Lawrence Taylor
82%
198Reggie White
82%
200Bruce Smith
77%
141.5Michael Strahan
77%
104.5Neil Smith
77%
160Kevin Greene
64%
115.5Von Miller
64%
107.5Chandler Jones
55%
113Sean Jones
55%
126.5Derrick Thomas
50%
159.5Julius Peppers
45%
138.5DeMarcus Ware
41%
136Jared Allen
41%
139Terrell Suggs
36%
137.5John Randle
32%
128Rickey Jackson
32%
107Cameron Jordan
27%
100.5Charles Haley
27%
137.5Richard Dent
27%
123Robert Mathis
23%
125.5Dwight Freeney
18%
100.5Cameron Wake
14%
150.5Chris Doleman
14%
133.5John Abraham
14%
121.5Clyde Simmons
9%
105.5Elvis Dumervil
9%
102Justin Houston
9%
101Robert Quinn
9%
100Andre Tippett
5%
104.5Kevin Carter
5%
132.5Leslie O'Neal
5%
106Trace Armstrong
5%
109.5Greg Townsend
0%
102.5Jim Jeffcoat
0%
107.5Pat Swilling
0%
122Simeon Rice
0%
100.5William Fuller
0%

Score Distribution

Percentile by Number Answered

Percent of People with Each Score

Your Score History

You have not taken this quiz